000
00289nam a2200121Ia 4500
008
230303s9999 xx 000 0 und d
041
_a
eng
082
_a
621.382,TAU
100
_a
Taub Herbert
245
_a
Principles of Communication Systems
260
_a
New Delhi
_b
TMH
365
_c
Rs
999
_c
208859
_d
208859